| 000 | 00911cam a2200265 4500 | ||
|---|---|---|---|
| 001 | 1712305 | ||
| 005 | 20040428161904.0 | ||
| 008 | 710121s1970 ctu b 001 0 eng | ||
| 010 | _a 71019959 | ||
| 020 | _a851570925 | ||
| 040 |
_aDLC _cDLC _dDLC |
||
| 050 | 0 | 0 |
_aTJ160.5 _b.H68 1970 |
| 082 | 0 | 0 |
_a621.07 _bHOU |
| 100 | 1 |
_aHoughton, B. _q(Bernard), _d1935- _96275 |
|
| 245 | 1 | 0 |
_aMechanical engineering; _bthe sources of information. |
| 260 |
_aLondon: _bClive Bingley, _c1970 |
||
| 300 |
_a311 p. _c23 cm. |
||
| 350 | _a$12.00 | ||
| 504 | _aIncludes bibliographical references. | ||
| 650 | 0 |
_aMechanical engineering _xInformation services. _96276 |
|
| 650 | 0 |
_aEngineering _xResearch. _96277 |
|
| 650 | 0 |
_aTechnical literature. _96278 |
|
| 942 |
_2ddc _cBB |
||
| 999 |
_c11858 _d11858 |
||